MyGZULibrary

Physiology and hygiene of materials and clothing / (Record no. 4256)

MARC details
000 -LEADER
fixed length control field 00887cam a22002771 4500
001 - CONTROL NUMBER
control field 3604012
003 - CONTROL NUMBER IDENTIFIER
control field GZU
005 - DATE AND TIME OF LATEST TRANSACTION
control field 20210315102343.0
008 - FIXED-LENGTH DATA ELEMENTS--GENERAL INFORMATION
fixed length control field 711207s1971 enka 001 0 eng b
010 ## - LIBRARY OF CONGRESS CONTROL NUMBER
LC control number 71501860
015 ## - NATIONAL BIBLIOGRAPHY NUMBER
National bibliography number B71-14082
020 ## - INTERNATIONAL STANDARD BOOK NUMBER
International Standard Book Number 0900541121
040 ## - CATALOGING SOURCE
Original cataloging agency DLC
Transcribing agency DLC
Modifying agency DLC
050 00 - LIBRARY OF CONGRESS CALL NUMBER
Classification number RA779
Item number .REN 1971
100 1# - MAIN ENTRY--PERSONAL NAME
Personal name Renbourn, E. T.
Fuller form of name (Edward Tobias)
Dates associated with a name author
245 10 - TITLE STATEMENT
Title Physiology and hygiene of materials and clothing /
Statement of responsibility, etc. [by] E. T. Renbourn.
260 ## - PUBLICATION, DISTRIBUTION, ETC.
Place of publication, distribution, etc. Watford :
Name of publisher, distributor, etc. Merrow Publishing Co. Ltd,
Date of publication, distribution, etc. 1971.
300 ## - PHYSICAL DESCRIPTION
Extent vii, 52 p.;
Other physical details illus.
Dimensions 22 cm.
490 0# - SERIES STATEMENT
Series statement Merrow monographs. Textile technology series ;
Volume/sequential designation 4
650 #0 - SUBJECT ADDED ENTRY--TOPICAL TERM
Topical term or geographic name entry element Clothing and dress
General subdivision Health aspects.
650 #0 - SUBJECT ADDED ENTRY--TOPICAL TERM
Topical term or geographic name entry element Textile fabrics
General subdivision Physiological aspects.
650 #2 - SUBJECT ADDED ENTRY--TOPICAL TERM
Topical term or geographic name entry element Clothing.
650 #2 - SUBJECT ADDED ENTRY--TOPICAL TERM
Topical term or geographic name entry element Hygiene.
906 ## - LOCAL DATA ELEMENT F, LDF (RLIN)
a 7
b cbc
c orignew
d 3
e ncip
f 19
g y-gencatlg
942 ## - ADDED ENTRY ELEMENTS (KOHA)
Source of classification or shelving scheme Library of Congress Classification
Koha item type Books
Classification part 779
Item part REN
Call number prefix RA
Holdings
Withdrawn status Lost status Source of classification or shelving scheme Damaged status Not for loan Collection code Home library Current library Shelving location Date acquired Inventory number Total Checkouts Full call number Barcode Date last seen Copy number Price effective from Koha item type
    Library of Congress Classification     Non-fiction City Campus Library City Campus Library General Stacks 03/15/2021 5377   RA779 REN 1971 5377 03/15/2021 c.1 03/15/2021 Books